000 00402nam a2200169Ia 4500
003 IT-RoPAU
008 120407s9999 xx 000 0 und d
040 _aIT-RoPAU
040 _cIT-RoPAU
245 2 _aA la Santisima Virgen en la declaracion del Dogma de su Asuncion
245 _cAA.VV.
260 _aEditorial Buena Prensa
300 _c cm
490 _v1
600 _aopuscolo
942 _cBK
999 _c3174
_d3174